[Event "Lazy Baltic Pearl op-A 19th"]
[Site "Lazy"]
[Date "2023.06.28"]
[Round "3"]
[White "Marek, Grzegorz"]
[Black "Musial, Igor"]
[Result "1/2-1/2"]
[WhiteElo "1651"]
[BlackElo "1921"]
[PlyCount "53"]
[EventDate "2023.06.26"]
[EventType "swiss"]
[EventRounds "9"]
[EventCountry "POL"]
[SourceTitle "CBM 215 Extra"]
[Source "ChessBase"]
[SourceDate "2023.09.30"]
[SourceVersion "1"]
[SourceVersionDate "2023.09.30"]
[SourceQuality "1"]

1. b3 d5 2. Bb2 Bf5 3. e3 Nf6 4. Nf3 e6 5. Be2 h6 6. 0-0 c6 7. d3 Nbd7 8. c4 Bd6 9. cxd5 exd5 10. Nbd2 0-0 11. Qc2 Bh7 12. a3 Qe7 13. Rfe1 Rfe8 14. h3 Rad8 15. Bf1 Qf8 16. b4 a6 17. Bc3 Rc8 18. Qb2 b5 19. Nb3 Re6 20. Nbd4 Ree8 21. Nb3 Re6 22. Nbd4 Re7 23. Nh4 c5 24. Nhf3 Ne8 25. Rac1 Nef6 26. Nh4 Re6 27. Ndf5 1/2-1/2

[Event "POL-ch U16"]
[Site "Jastrzebia Gora"]
[Date "2023.??.??"]
[Round "5"]
[White "Marek, Grzegorz"]
[Black "Borowik, Wojciech"]
[Result "1/2-1/2"]
[WhiteElo "1657"]
[BlackElo "1890"]
[PlyCount "166"]
[EventDate "2023.03.11"]
[EventType "swiss"]
[EventRounds "9"]
[EventCountry "POL"]
[SourceTitle "CBM 213 Extra"]
[Source "ChessBase"]
[SourceDate "2023.05.31"]
[SourceVersion "1"]
[SourceVersionDate "2023.05.31"]
[SourceQuality "1"]

1. e4 c5 2. Nf3 d6 3. d4 cxd4 4. Nxd4 Nf6 5. Nc3 a6 6. Bc4 e6 7. Bb3 b5 8. 0-0 Be7 9. Qf3 Qc7 10. Qg3 b4 11. Nce2 g6 12. f3 e5 13. Ba4+ Bd7 14. Bxd7+ Nbxd7 15. Nb3 Qxc2 16. Qf2 0-0 17. Bh6 Rfc8 18. Rab1 a5 19. Rfd1 a4 20. Nd2 d5 21. exd5 Nxd5 22. Ne4 Nc5 23. Rbc1 Nxe4 24. Rxc2 Nxf2 25. Rxc8+ Rxc8 26. Rxd5 Bc5 27. Rxc5 Nh3+ 28. gxh3 Rxc5 29. Kf2 Rc2 30. Bc1 f5 31. Ke1 Kf7 32. Kd1 Rc4 33. b3 axb3 34. axb3 Rh4 35. Ng1 Ke6 36. Be3 Kd5 37. Bf2 Rf4 38. Be3 Rh4 39. Bf2 Rh5 40. Be1 e4 41. fxe4+ Kxe4 42. Ke2 f4 43. Bxb4 Rb5 44. Bd2 Rxb3 45. h4 h6 46. Kf2 g5 47. hxg5 hxg5 48. h3 Ra3 49. Ke2 Rg3 50. Kf2 Kf5 51. h4 gxh4 52. Bxf4 Ra3 53. Ne2 Kg4 54. Bh2 Ra2 55. Bd6 Kf5 56. Kf3 h3 57. Bg3 Ra3+ 58. Kf2 Ke4 59. Ng1 Ra2+ 60. Kf1 h2 61. Bxh2 Rxh2 62. Ke1 Ke3 63. Kf1 Ra2 64. Nh3 Ra1+ 65. Kg2 Ra8 66. Kg3 Rg8+ 67. Kh4 Ke4 68. Ng5+ Kf4 69. Nh3+ Kf5 70. Nf2 Rg7 71. Nh3 Rg2 72. Kh5 Rg4 73. Nf2 Rg3 74. Kh4 Ra3 75. Nh3 Rb3 76. Nf2 Rb2 77. Kg3 Rb3+ 78. Kh4 Rb1 79. Kg3 Rb4 80. Kf3 Rb3+ 81. Ke2 Ke5 82. Nd3+ Kd4 83. Nf2 Rb2+ 1/2-1/2

[Event "POL-ch U16"]
[Site "Jastrzebia Gora"]
[Date "2023.??.??"]
[Round "1"]
[White "Marek, Grzegorz"]
[Black "Paszkowski, Krystian"]
[Result "1-0"]
[WhiteElo "1657"]
[BlackElo "1992"]
[PlyCount "81"]
[EventDate "2023.03.11"]
[EventType "swiss"]
[EventRounds "9"]
[EventCountry "POL"]
[SourceTitle "CBM 213 Extra"]
[Source "ChessBase"]
[SourceDate "2023.05.31"]
[SourceVersion "1"]
[SourceVersionDate "2023.05.31"]
[SourceQuality "1"]

1. e4 c5 2. Nf3 Nc6 3. d4 cxd4 4. Nxd4 e5 5. Nb5 d6 6. c4 Be6 7. N5c3 Nf6 8. Bd3 Be7 9. 0-0 0-0 10. Nd5 Rc8 11. Nbc3 Bxd5 12. exd5 Nb8 13. Be3 b6 14. b4 a6 15. a4 Qc7 16. h3 Nfd7 17. Qg4 Kh8 18. Rfc1 Qd8 19. a5 bxa5 20. Rxa5 g6 21. Qd1 f5 22. f3 Bf6 23. Qd2 Qe7 24. Ne2 Qf7 25. c5 Qxd5 26. c6 Qe6 27. cxd7 Qxd7 28. Ra2 Rxc1+ 29. Qxc1 Nc6 30. Bd2 Rb8 31. Qb1 d5 32. Rxa6 e4 33. Bc2 Bg7 34. Ba4 Qb7 35. Rxc6 Qa7+ 36. Kh1 Qxa4 37. Qc1 Qa8 38. Bc3 d4 39. Bxd4 Bxd4 40. Nxd4 exf3 41. Nxf3 1-0

[Event "Polanica Zdroj op-D 58th"]
[Site "Polanica Zdroj"]
[Date "2022.08.21"]
[Round "9"]
[White "Krygiel, Konrad"]
[Black "Marek, Grzegorz"]
[Result "0-1"]
[WhiteElo "1603"]
[BlackElo "1478"]
[PlyCount "162"]
[EventDate "2022.08.13"]
[EventType "swiss"]
[EventRounds "9"]
[EventCountry "POL"]
[SourceTitle "CBM 210 Extra"]
[Source "ChessBase"]
[SourceDate "2022.11.30"]
[SourceVersion "1"]
[SourceVersionDate "2022.11.30"]
[SourceQuality "1"]

1. e4 c5 2. Nf3 e6 3. b3 Nc6 4. Bb2 Nf6 5. e5 Ng4 6. h3 Nh6 7. Bb5 Qc7 8. Bxc6 Qxc6 9. Qe2 Be7 10. Nc3 a6 11. Qe4 Qxe4+ 12. Nxe4 b6 13. Ng3 Bb7 14. 0-0-0 0-0 15. Kb1 d5 16. d4 a5 17. Ne2 Ba6 18. Nc1 a4 19. a3 Rfc8 20. Na2 Be2 21. Rd2 Bxf3 22. gxf3 axb3 23. cxb3 cxd4 24. b4 Nf5 25. Nc1 Bg5 26. Rd3 Bxc1 27. Rxc1 Rc4 28. Rcd1 Kf8 29. R1d2 Ke7 30. f4 h5 31. Rd1 Kd7 32. R1d2 Kc6 33. Rd1 Kb5 34. R1d2 Kc6 35. Rd1 Kd7 36. R1d2 Ke7 37. Rd1 Kf8 38. R1d2 Kg8 39. Rd1 Kh7 40. Ka2 Rxb4 41. Bxd4 b5 42. Be3 Rba4 43. Kb2 b4 44. axb4 Rxb4+ 45. Rb3 Rxb3+ 46. Kxb3 Rc8 47. Kb2 Rc4 48. Rd3 Nxe3 49. fxe3 Kg6 50. Ra3 Rc7 51. Ra1 Kf5 52. Rg1 g6 53. h4 Ke4 54. Rg3 Rc6 55. Rh3 Rc4 56. Rg3 d4 57. exd4 Rxd4 58. Ra3 Kxf4 59. Ra7 Kxe5 60. Rxf7 Rxh4 61. Kc3 Kd5 62. Kd3 g5 63. Ke3 Rh3+ 64. Kf2 Ke4 65. Kg2 g4 66. Ra7 e5 67. Ra4+ Kf5 68. Ra8 Kf4 69. Ra4+ e4 70. Ra8 Rd3 71. Rf8+ Ke3 72. Rh8 Rd5 73. Kg3 Ke2 74. Re8 e3 75. Kf4 Rd4+ 76. Kg3 Kd2 77. Ra8 e2 78. Ra2+ Ke3 79. Ra1 Rd1 80. Ra3+ Rd3 81. Ra1 Kd2+ 0-1

[Event "Polanica Zdroj op-D 58th"]
[Site "Polanica Zdroj"]
[Date "2022.08.19"]
[Round "7"]
[White "Pieczulis, Blazej"]
[Black "Marek, Grzegorz"]
[Result "0-1"]
[WhiteElo "1720"]
[BlackElo "1478"]
[PlyCount "108"]
[EventDate "2022.08.13"]
[EventType "swiss"]
[EventRounds "9"]
[EventCountry "POL"]
[SourceTitle "CBM 210 Extra"]
[Source "ChessBase"]
[SourceDate "2022.11.30"]
[SourceVersion "1"]
[SourceVersionDate "2022.11.30"]
[SourceQuality "1"]

1. d4 Nf6 2. c4 b6 3. Nc3 Bb7 4. f3 Nc6 5. d5 Ne5 6. e4 d6 7. f4 Ng6 8. Nf3 e5 9. f5 Ne7 10. Be3 g6 11. Qc2 Bg7 12. h3 h5 13. 0-0-0 Qd7 14. fxg6 Nxg6 15. g3 0-0-0 16. Be2 Kb8 17. Rdf1 Rdf8 18. Bg5 Bc8 19. Nxe5 Nxe5 20. Bxf6 Bxf6 21. Rxf6 Rfg8 22. Rf5 Qe7 23. Rf2 Rxg3 24. h4 Bg4 25. Nb5 Bxe2 26. Qxe2 Nd3+ 27. Kd2 Nxf2 28. Qxf2 Rhg8 29. Qf5 Rg2+ 30. Kc1 Qe5 31. Qxe5 dxe5 32. d6 Rg1+ 33. Rxg1 Rxg1+ 34. Kd2 cxd6 35. Nxd6 Rg4 36. Nxf7 Rxe4 37. Kd3 Rd4+ 38. Kc3 Rxh4 39. Nxe5 Rh1 40. Kd4 h4 41. Ng4 h3 42. Nf2 Rb1 43. Nxh3 Rxb2 44. a4 Ra2 45. Nf4 Rxa4 46. Kc3 b5 47. Nd3 Rxc4+ 48. Kb3 Rh4 49. Nc5 a5 50. Ne6 Rh3+ 51. Kb2 Kb7 52. Nc5+ Kc6 53. Ne4 Kd5 54. Nc3+ Rxc3 0-1

[Event "Polanica Zdroj op-D 58th"]
[Site "Polanica Zdroj"]
[Date "2022.08.18"]
[Round "6"]
[White "Sola, Wojciech"]
[Black "Marek, Grzegorz"]
[Result "1/2-1/2"]
[WhiteElo "1780"]
[BlackElo "1478"]
[PlyCount "59"]
[EventDate "2022.08.13"]
[EventType "swiss"]
[EventRounds "9"]
[EventCountry "POL"]
[SourceTitle "CBM 210 Extra"]
[Source "ChessBase"]
[SourceDate "2022.11.30"]
[SourceVersion "1"]
[SourceVersionDate "2022.11.30"]
[SourceQuality "1"]

1. c4 b6 2. d4 Nf6 3. Nc3 Bb7 4. Nf3 e6 5. Bg5 Be7 6. e3 d6 7. Bd3 h6 8. Bh4 g5 9. Bg3 g4 10. Nh4 Rg8 11. h3 Nh5 12. hxg4 Nxg3 13. fxg3 Nd7 14. Be4 Bxe4 15. Nxe4 Bg5 16. Qf3 Qc8 17. 0-0 Rg7 18. Kh2 Rb8 19. Rf2 Qb7 20. Re1 Ke7 21. b3 Qa8 22. Nc3 Nf6 23. Rff1 Bxh4 24. gxh4 Nxg4+ 25. Kh3 Qxf3+ 26. gxf3 Nf6 27. Rg1 Rbg8 28. Rxg7 Rxg7 29. Kh2 a6 30. Ne4 1/2-1/2

[Event "Polanica Zdroj op-D 58th"]
[Site "Polanica Zdroj"]
[Date "2022.08.17"]
[Round "5"]
[White "Marek, Grzegorz"]
[Black "Markiewicz, Czeslaw"]
[Result "1/2-1/2"]
[WhiteElo "1478"]
[BlackElo "1750"]
[PlyCount "78"]
[EventDate "2022.08.13"]
[EventType "swiss"]
[EventRounds "9"]
[EventCountry "POL"]
[SourceTitle "CBM 210 Extra"]
[Source "ChessBase"]
[SourceDate "2022.11.30"]
[SourceVersion "1"]
[SourceVersionDate "2022.11.30"]
[SourceQuality "1"]

1. b3 Nf6 2. Bb2 e6 3. e3 d5 4. Nf3 Be7 5. Be2 0-0 6. 0-0 b6 7. d4 Bb7 8. Nbd2 Nbd7 9. Rc1 a5 10. c4 c5 11. Qc2 Ne4 12. Nxe4 dxe4 13. Ne5 cxd4 14. Nxd7 Qxd7 15. Bxd4 Qc7 16. Rfd1 e5 17. Bb2 f5 18. Qc3 Bd6 19. c5 bxc5 20. Ba3 Rac8 21. Rxd6 Qxd6 22. Bxc5 Qf6 23. Bc4+ Kh8 24. Bxf8 Rxf8 25. Qxa5 f4 26. Qa7 Bc8 27. Bf1 h5 28. Qc5 h4 29. Qxc8 Rxc8 30. Rxc8+ Kh7 31. Rc3 h3 32. g3 fxg3 33. hxg3 h2+ 34. Kxh2 Qxf2+ 35. Bg2 Qd2 36. Rc4 Qxa2 37. Rxe4 Qxb3 38. Rxe5 Kg6 39. e4 Qe3 1/2-1/2

[Event "Polanica Zdroj op-D 58th"]
[Site "Polanica Zdroj"]
[Date "2022.08.15"]
[Round "3"]
[White "Marek, Grzegorz"]
[Black "Michalik, Marek"]
[Result "1-0"]
[WhiteElo "1478"]
[BlackElo "1742"]
[PlyCount "91"]
[EventDate "2022.08.13"]
[EventType "swiss"]
[EventRounds "9"]
[EventCountry "POL"]
[SourceTitle "CBM 210 Extra"]
[Source "ChessBase"]
[SourceDate "2022.11.30"]
[SourceVersion "1"]
[SourceVersionDate "2022.11.30"]
[SourceQuality "1"]

1. e4 Nf6 2. e5 Nd5 3. c4 Nb6 4. d4 d6 5. exd6 exd6 6. Nf3 Bg4 7. h3 Bh5 8. Be2 Be7 9. Nc3 0-0 10. 0-0 Bf6 11. Be3 Re8 12. Rc1 Nc6 13. b3 Bg6 14. a4 d5 15. c5 Nc8 16. Bf4 a6 17. Qd2 h6 18. Rfe1 N8e7 19. Bd3 Bxd3 20. Qxd3 Nb4 21. Qd2 Qd7 22. Be5 Qf5 23. Bxf6 Qxf6 24. Nb5 axb5 25. Qxb4 bxa4 26. bxa4 Nf5 27. Rxe8+ Rxe8 28. Qxb7 Nxd4 29. Nxd4 Qxd4 30. Qxc7 Qxa4 31. c6 Qa3 32. Rb1 Qe7 33. Qf4 g5 34. Qg3 d4 35. c7 d3 36. Rb8 d2 37. Rxe8+ Qxe8 38. Qd6 Qe1+ 39. Kh2 d1Q 40. c8Q+ Kh7 41. Qf5+ Kg8 42. Qb8+ Kg7 43. Qb2+ Kg8 44. Qc8+ Kh7 45. Qch8+ Kg6 46. Qbf6+ 1-0

[Event "POL-ch U15 Qual"]
[Site "Jastrzebia Gora"]
[Date "2021.11.19"]
[Round "7"]
[White "Szymczyk, Antoni"]
[Black "Marek, Grzegorz"]
[Result "1/2-1/2"]
[WhiteElo "1424"]
[BlackElo "1350"]
[PlyCount "110"]
[EventDate "2021.11.15"]
[EventType "swiss"]
[EventRounds "9"]
[EventCountry "POL"]
[SourceTitle "EXT 2023"]
[Source "ChessBase"]
[SourceDate "2022.10.05"]
[SourceVersion "1"]
[SourceVersionDate "2022.10.05"]
[SourceQuality "1"]

1. e4 c5 2. Nf3 Nc6 3. d4 cxd4 4. Nxd4 Nf6 5. Nc3 e5 6. Ndb5 d6 7. Nd5 Nxd5 8. exd5 Nb8 9. Bd3 Be7 10. 0-0 0-0 11. c4 a6 12. Nc3 f5 13. f3 Bg5 14. Qc2 g6 15. f4 Bf6 16. fxe5 dxe5 17. c5 e4 18. Bc4 Kg7 19. Be3 Nd7 20. b4 Ne5 21. Be2 h5 22. a4 Ng4 23. Bxg4 hxg4 24. b5 Rh8 25. Qd2 g5 26. Bd4 Bxd4+ 27. Qxd4+ Kg6 28. c6 Rh7 29. d6 axb5 30. axb5 Rxa1 31. Rxa1 e3 32. d7 Qc7 33. g3 Bxd7 34. cxd7 Rxd7 35. Qxe3 Rd6 36. Rd1 Rf6 37. Nd5 Qc2 38. Qd3 Qc5+ 39. Qd4 Qxd4+ 40. Rxd4 Re6 41. Kf2 Re5 42. Nc7 Rc5 43. Rd6+ Kf7 44. Rd7+ Kg6 45. Ke3 Rc2 46. Nd5 Rc5 47. Rxb7 Rxd5 48. b6 Rb5 49. Rb8 Kg7 50. b7 Kh7 51. Kd4 f4 52. Kc4 Rb2 53. Kc5 f3 54. Kc6 Rc2+ 55. Kd5 Rb2 1/2-1/2

[Event "POL-ch U15 Qual"]
[Site "Jastrzebia Gora"]
[Date "2021.11.17"]
[Round "4"]
[White "Fojcik, Kacper"]
[Black "Marek, Grzegorz"]
[Result "1-0"]
[WhiteElo "1345"]
[BlackElo "1350"]
[PlyCount "115"]
[EventDate "2021.11.15"]
[EventType "swiss"]
[EventRounds "9"]
[EventCountry "POL"]
[SourceTitle "EXT 2023"]
[Source "ChessBase"]
[SourceDate "2022.10.05"]
[SourceVersion "1"]
[SourceVersionDate "2022.10.05"]
[SourceQuality "1"]

1. d4 Nf6 2. Nf3 b6 3. Bf4 Bb7 4. e3 e6 5. c4 Bb4+ 6. Nbd2 0-0 7. a3 Be7 8. Bd3 Nh5 9. Bg3 g6 10. Qc2 d6 11. 0-0 Nxg3 12. hxg3 Nd7 13. b4 c5 14. Nb3 Rc8 15. dxc5 dxc5 16. b5 Qc7 17. Be4 Rcd8 18. Bxb7 Qxb7 19. Rad1 Qc7 20. Rd2 Ne5 21. Rfd1 Nxf3+ 22. gxf3 Rd6 23. Rxd6 Bxd6 24. f4 Rd8 25. Nd2 Be7 26. Nf3 Rxd1+ 27. Qxd1 Qd6 28. Qa4 f6 29. Qxa7 Bd8 30. Qa8 Kg7 31. Qb7+ Bc7 32. Kg2 h6 33. Qe4 g5 34. Nh2 Qd7 35. Nf3 Qd6 36. Qc2 Qd7 37. a4 Qd8 38. Qd2 Qe7 39. Qd3 Qe8 40. Nh2 Qe7 41. Nf1 Qd6 42. Qxd6 Bxd6 43. Nd2 Bc7 44. Nb3 Kg6 45. a5 bxa5 46. Nxc5 gxf4 47. Nxe6 fxe3 48. fxe3 Bb8 49. c5 Kf5 50. Nd4+ Ke4 51. b6 Kd5 52. c6 Kd6 53. c7 Bxc7 54. Nb5+ Kd7 55. bxc7 a4 56. Kf3 a3 57. Nxa3 Kxc7 58. Kf4 1-0

[Event "POL-chT U20 2nd League"]
[Site "Sypniewo"]
[Date "2020.??.??"]
[Round "4.33"]
[White "Marek, Grzegorz"]
[Black "Trzebinski, Patryk"]
[Result "0-1"]
[WhiteElo "1313"]
[BlackElo "1837"]
[PlyCount "142"]
[EventDate "2020.10.23"]
[EventType "team-swiss"]
[EventRounds "9"]
[EventCountry "POL"]
[SourceTitle "CBM 199 Extra"]
[Source "ChessBase"]
[SourceDate "2021.01.31"]
[SourceVersion "1"]
[SourceVersionDate "2021.01.31"]
[SourceQuality "1"]

1. e4 d5 2. exd5 Nf6 3. Nf3 Nxd5 4. d4 Bg4 5. c4 Nb6 6. c5 N6d7 7. Bc4 e6 8. 0-0 Be7 9. Nc3 0-0 10. h3 Bxf3 11. Qxf3 Nc6 12. Be3 e5 13. dxe5 Ncxe5 14. Qe2 c6 15. Rad1 Qa5 16. a3 Nxc4 17. Qxc4 Nxc5 18. b4 Qa6 19. Qxa6 Nxa6 20. Rd7 Bf6 21. Ne4 Bb2 22. Rxb7 f5 23. Nc5 Nxc5 24. Bxc5 Rf7 25. Rxf7 Kxf7 26. Rd1 Bxa3 27. Rd7+ Ke6 28. Rd6+ Ke5 29. Rxc6 a5 30. b5 Bxc5 31. Rxc5+ Kd6 32. Rc1 Rb8 33. Kf1 Rxb5 34. Ke2 a4 35. f4 Kd5 36. g4 fxg4 37. hxg4 Rb2+ 38. Kd3 a3 39. g5 a2 40. Ra1 Rh2 41. Re1 Kc5 42. Kc3 Rf2 43. Kb3 Kd4 44. f5 Rxf5 45. g6 h6 46. Kxa2 Rf6 47. Kb2 Rxg6 48. Kc2 Rg2+ 49. Kd1 h5 50. Rh1 g6 51. Ke1 Ke3 52. Kf1 Kf3 53. Rh4 Kg3 54. Ra4 Rf2+ 55. Kg1 h4 56. Ra5 Rf4 57. Ra3+ Kg4 58. Kg2 h3+ 59. Kh2 Rf2+ 60. Kg1 Rf3 61. Ra6 g5 62. Ra5 Rf5 63. Ra3 Rf3 64. Ra5 Kh4 65. Ra8 g4 66. Ra1 Kg3 67. Kh1 Rd3 68. Kg1 Kf3 69. Ra8 Rd1+ 70. Kh2 g3+ 71. Kxh3 Rh1# 0-1